| 000 | 02169cam a2200349 i 4500 | ||
|---|---|---|---|
| 003 | SA-RiAUC | ||
| 005 | 20250709154559.0 | ||
| 008 | 250709s1996 qa g f000r0 ara c | ||
| 020 | _a9992123370 | ||
| 024 | 0 | _a00000000969383 | |
| 040 |
_aSA-JeALM _bara _cSA-RiAUC _dAE-DuMBRL _erda |
||
| 082 | 0 | 4 |
_a219.1 _qSA-RiAUC |
| 090 |
_a219.1 _bع ب ا |
||
| 100 | 1 |
_aعبادي، أحمد، _d1960- _eمؤلف. |
|
| 245 | 1 | 2 |
_aالإسلام وهموم الناس / _cأحمد عبادي. |
| 250 | _aالطبعة الأولى. | ||
| 264 | 1 |
_aالدوحة : _bوزارة الأوقاف والشؤون الإسلامية، _c1996. |
|
| 300 |
_a158 صفحة ؛ _c22 سم. |
||
| 336 |
_aنص _btxt _2rdacontent _3كتاب |
||
| 337 |
_aبدون وسيط _bn _2rdamedia |
||
| 338 |
_aمجلد _bnc _2rdacarrier |
||
| 490 | 1 |
_aكتاب الأمة ؛ _v49 |
|
| 520 | _aيتناول كتاب (الإسلام.. وهموم الناس) والذي قام بتأليفه أحمد عبادي، موضوع (هموم الناس) الكتاب يقدم معالجة مشكلات الناس، وإلحاق الرحمة بهم، وتقويم سلوكهم بشرع الله سبحانه وتعالى، وتحقيق العبودية الخالصة لله. ويعتبر الكتاب اسهامة بارزة، لم تقتصر على فتح ملف هذه القضية الخطيرة، والاستشهاد لها من الكتاب والسنة، إنما حاول الباحث دراسة أسبابها المتعددة، ومن ثم المساهمة بوضع المقترحات النافعة، للوقاية والعلاج. | ||
| 650 | 7 |
_aالأنثروبولوجيا اللاهوتية (إسلام) _2aucsh |
|
| 650 | 7 |
_aالإسلام والمجتمع _2aucsh |
|
| 650 | 7 |
_aالإسلام والإصلاح الاجتماعي _2aucsh |
|
| 650 | 7 |
_aالدعوة الإسلامية _2aucsh |
|
| 830 | 0 |
_aكتاب الأمة (قطر. وزارة الأوقاف والشؤون الإسلامية) _v49 |
|
| 942 |
_2ddc _cBOOK _n0 |
||
| 949 |
_aSA-JeALM _d250709 _uosman123 _n1 |
||
| 999 |
_c9691 _d9691 |
||